| 000 | 00600nam a2200205 4500 | ||
|---|---|---|---|
| 001 | 44862 | ||
| 090 | _a44862 | ||
| 100 | _a20141223d1986 m y0pory50030103ba | ||
| 101 | 1 | _apor | |
| 102 | _aPT | ||
| 200 | 1 |
_aMaigret e os cães ferozes _fGeorges Simenon _gtrad. Paulo de Mello Barreto |
|
| 210 | 9 |
_aLisboa _cLivros do Brasil, _d1986 |
|
| 215 |
_a189, [11] p. _d16 cm |
||
| 225 | 2 |
_aVampiro _v463 |
|
| 304 | _aTít. orig.: Magret se fâches | ||
| 675 |
_a821.133.1(493)-312.4"19" _vBN _zpor |
||
| 700 | 1 |
_aSimenon, _bGeorges, _f1903-1989 |
|
| 702 | 1 |
_aBarreto, _bPaulo de Melo _4730 |
|
| 801 | 0 |
_aPT _bBN _gRPC |
|
| 990 | _cLIVROS | ||